| 000 | 01303cam a2200361 a 4500 | ||
|---|---|---|---|
| 001 | 13400370 | ||
| 003 | OSt | ||
| 005 | 20140224105647.0 | ||
| 008 | 031110s2003 cc a 001 0 eng | ||
| 010 | _a 2003278281 | ||
| 015 | _aGBA3-Y6753 | ||
| 020 | _a0596005164 (pbk.) | ||
| 035 | _a(OCoLC)ocm51780648 | ||
| 040 |
_aUKM _cUKM _dCUS _dDLC |
||
| 042 | _alccopycat | ||
| 050 | 0 | 0 |
_aQA76.76.O63 _bL44 2003 |
| 082 | 0 | 0 |
_a005.4/4682 _222 |
| 100 | 1 |
_aLehey, Greg. _925525 |
|
| 245 | 1 | 4 |
_aThe complete FreeBSD : _bdocumentation from the source / _cGreg Lehey. |
| 246 | 3 | 0 | _aFreeBSD |
| 250 | _a4th ed. | ||
| 260 |
_aBeijing ; _aSebastopol, CA : _bO'Reilly/Community Press, _cc2003. |
||
| 300 |
_axxxiii, 679 p. : _bill. ; _c24 cm. |
||
| 500 | _a"Covers version 5.0"--Cover. | ||
| 504 | _aIncludes bibliographical references (p. 627-632) and index. | ||
| 630 | 0 | 0 |
_aFreeBSD. _925526 |
| 650 | 0 |
_aFree computer software. _925527 |
|
| 650 | 0 |
_aOperating systems (Computers) _925528 |
|
| 856 | 4 | 2 |
_3Publisher description _uhttp://www.loc.gov/catdir/enhancements/fy0715/2003278281-d.html |
| 906 |
_a7 _bcbc _ccopycat _d2 _encip _f20 _gy-gencatlg |
||
| 942 |
_2lcc _cBK |
||
| 999 |
_c58720 _d58694 |
||